Statistics for 5 Countries Click Quiz #7

Click here to take the quiz!

General Stats

  • This quiz has been taken 36 times
  • The average score is 10 of 15

Answer Stats

HintAnswer% Correct
Capital is Asunción?Paraguay
96%
Capital is N'Djamena?Chad
83%
Capital is Honiara?Solomon Islands
83%
Capital is Sana'a?Yemen
83%
Capital is Malabo?Equatorial Guinea
79%
Named after Jewish King who was believed to use gold from country to build the Temple of Jerusalem?Solomon Islands
79%
Half of people are blonde haired?Solomon Islands
75%
Named after a lake?Chad
71%
Home to Socorta dragon tree?Yemen
71%
Only Spanish speaking country in continent?Equatorial Guinea
67%
Has world's largest water reserve?Paraguay
50%
A goat is the symbol of country?Chad
42%
Known as "the Land of Water"?Paraguay
42%
Soccer teams nickname is Nzalang Nacional or The National Thunder?Equatorial Guinea
33%
Nickname "The Happy Land"?Yemen
21%

Score Distribution

Percentile by Number Answered

Percent of People with Each Score

Your Score History

You have not taken this quiz